书目信息 |
| 题名: |
微机网络技术基础
|
|
| 作者: | 王才吉 主编 | |
| 分册: | ||
| 出版信息: | 北京 中国商业出版社 1996 |
|
| 页数: | 197页 | |
| 开本: | 26cm | |
| 丛书名: | ||
| 单 册: | ||
| 中图分类: | TP393 | |
| 科图分类: | 73.879 | |
| 主题词: | 微型计算机--计算机网络--教材 , 微型计算机 , 计算机网络 | |
| 电子资源: | ||
| ISBN: | 7-5044-3214-8 | |
| 000 | 00820nam0 2200289 450 | |
| 001 | 0197008717 | |
| 005 | 20100713014026.0 | |
| 010 | @a7-5044-3214-8@dCNY13.00 | |
| 011 | @a7-5044-3214-8 | |
| 100 | @a19970401d1996 em y0chiy0110 ea | |
| 101 | 0 | @achi |
| 102 | @aCN@b110000 | |
| 105 | @ay z 000yy | |
| 106 | @ar | |
| 200 | 1 | @a微机网络技术基础@9Wei Ji Wang Luo;Lao Ji Shu;Zhu Ji Chu @f王才吉主编 |
| 210 | @a北京@c中国商业出版社@d1996 | |
| 215 | @a197页@d26cm | |
| 300 | @a计算机应用系列教材 | |
| 314 | @a王才吉,山东省济宁贸易学校高级讲师 | |
| 606 | 0 | @a微型计算机@x计算机网络@x教材 |
| 606 | 0 | @a微型计算机 |
| 606 | 0 | @a计算机网络 |
| 690 | @aTP393@v3 | |
| 692 | @a73.879 | |
| 701 | 0 | @a王才吉@9wang cai ji@f(1941.3~)@4主编 |
| 801 | 0 | @aCN@b91MARC@c20130904 |
| 905 | @aBZT@dTP393@e235@f1@sTP393/235 | |
| 微机网络技术基础/王才吉主编.-北京:中国商业出版社,1996 |
| 197页;26cm |
| 计算机应用系列教材 |
| ISBN 7-5044-3214-8:CNY13.00 |
| ● |
| 相关链接 |
|
|
|
正题名:微机网络技术基础
索取号:TP393/235
 
预约/预借
| 序号 | 登录号 | 条形码 | 馆藏地/架位号 | 状态 | 备注 |
| 1 | 2000043061 | 2000043061 | 旧书回溯/ [索取号:TP393/235] | 在馆 |